Statistiques concernant Vainqueurs de Roland Garros : Simple Messieurs (Ère Open)

Cliquez ici pour prendre le quiz!

Statistiques générales

  • Ce quiz a été pris 248 fois
  • Le résultat moyen est 13 sur 27

Statistiques - réponses

Plus récentRéponse% Correct
92014Rafael Nadal
99%
12009Roger Federer
96%
12016Novak Djokovic
93%
11983Yannick Noah
83%
12015Stanislas Wawrinka
77%
61981Björn Borg
74%
11999Andre Agassi
73%
32001Gustavo Kuerten
63%
31987Ivan Lendl
56%
11989Michael Chang
56%
31988Mats Wilander
47%
12003Juan Carlos Ferrero
44%
21992Jim Courier
43%
11998Carlos Moyà
40%
11973Ilie Năstase
37%
21992Sergi Bruguera
37%
11995Thomas Muster
37%
11969Rod Laver
36%
12004Gastón Gaudio
33%
11977Guillermo Vilas
33%
12002Albert Costa
31%
11990Andrés Gómez
29%
11996Ievgueni Kafelnikov
29%
11976Adriano Panatta
21%
11968Ken Rosewall
19%
21971Jan Kodeš
14%
11972Andrés Gimeno
11%

Distribution des résultats

Percentile par nombre de réponses

% des personnes avec chaque résultat

Votre développement - résultats

Vous n’avez pas pris ce quiz